[Event "Open Letní Praha 2018 - A"]
[Site "Praha"]
[Date "2018.08.06"]
[Round "5"]
[Board "7"]
[White "Berchtenbreiter, Maximilian"]
[Black "Marczuk, Dominik"]
[Result "1-0"]
[WhiteElo "2430"]
[BlackElo "2290"]
[PlyCount "59"]
[EventDate "2018.08.03"]
[EventRounds "9"]
[EventCountry "CZE"]

1. e4 c5 2. Nf3 Nf6 3. Nc3 d5 4. exd5 Nxd5 5. d4 Nxc3 6. bxc3 e6 7. Bd3 Be7 8.
O-O O-O 9. Qe2 Nc6 10. Rd1 cxd4 11. cxd4 Nb4 12. Bc4 a6 13. c3 Nd5 14. Bd2 b5
15. Bd3 Bb7 16. a4 Qc7 17. axb5 axb5 18. Rac1 Nf4 19. Bxf4 Qxf4 20. Ne5 Bd5 21.
g3 Qh6 22. Ng4 Qh3 23. Ne3 Ba3 24. Rb1 Rfc8 25. Bf5 Bc4 26. Nxc4 Qxf5 27. Nb6
b4 28. Nxc8 bxc3 29. Ra1 c2 30. Ne7+  1-0

[Event "Open Letní Praha 2018 - A"]
[Site "Praha"]
[Date "2018.08.06"]
[Round "5"]
[Board "8"]
[White "Yagupov, Igor"]
[Black "Becker, Matthias"]
[Result "0-1"]
[WhiteElo "2405"]
[BlackElo "2254"]
[PlyCount "128"]
[EventDate "2018.08.03"]
[EventRounds "9"]
[EventCountry "CZE"]

1. e4 e6 2. d4 d5 3. Nc3 Bb4 4. e5 c5 5. a3 Ba5 6. b4 cxd4 7. Qg4 Kf8 8. bxa5
dxc3 9. Qb4+ Ne7 10. Qxc3 Nbc6 11. a6 bxa6 12. Nf3 Rb8 13. Be3 Qa5 14. Qxa5
Nxa5 15. Bxa7 Rb2 16. Bd3 Bd7 17. Bd4 Rb8 18. Bxa6 Ba4 19. Kd2 Nec6 20. Rhb1
Ke7 21. Bc5+ Kd7 22. Bd6 Ra8 23. Rb6 f6 24. Rab1 Ra7 25. Bd3 Rc8 26. Bc5 fxe5
27. Rxc6 Nxc6 28. Bxa7 e4 29. Ba6 Ra8 30. Rb7+ Kd6 31. Ng5 Nxa7 32. Rxg7 Nc6
33. Be2 Nd4 34. Bd1 Rc8 35. Ra7 Bxc2 36. Ra6+ Ke5 37. Nf7+ Kf6 38. Nd6 Nb3+ 39.
Ke1 Rc3 40. Nb5 Rc5 41. Nd6 Ke5 42. Nf7+ Kf6 43. Nd8 Nd4 44. Nxe6 Nxe6 45. Bg4
Ke5 46. Rxe6+ Kd4 47. Rb6 Bd3 48. Bd1 Rc1 49. Rb2 Ra1 50. a4 Kc3 51. Rb3+ Kc4
52. Rb2 d4 53. g4 e3 54. fxe3 dxe3 55. h4 Kc3 56. Rb3+ Kd4 57. Rb2 Ke4 58. Rb4+
Ke5 59. Rb3 Kd4 60. Rb2 Bc4 61. h5 Kc3 62. Rc2+ Kd3 63. Rb2 Be6 64. Rb3+ Bxb3
 0-1

[Event "Open Letní Praha 2018 - A"]
[Site "Praha"]
[Date "2018.08.06"]
[Round "5"]
[Board "9"]
[White "Olsarova, Karolina"]
[Black "Skalsky, Alexandr"]
[Result "1/2-1/2"]
[WhiteElo "2331"]
[BlackElo "2177"]
[PlyCount "89"]
[EventDate "2018.08.03"]
[EventRounds "9"]
[EventCountry "CZE"]

1. e4 c5 2. Nf3 g6 3. d4 cxd4 4. Nxd4 Nc6 5. c4 Bg7 6. Be3 Nf6 7. Nc3 O-O 8.
Be2 d6 9. O-O Bd7 10. Nc2 Be6 11. f3 Nd7 12. Qd2 Qa5 13. Nd4 Nxd4 14. Bxd4
Bxd4+ 15. Qxd4 Qb6 16. Qxb6 axb6 17. b3 g5 18. Bd3 Rfc8 19. Rf2 Kg7 20. Rd1 h5
21. g3 Kh6 22. Nb5 Ne5 23. Nd4 Rg8 24. Kh1 Bd7 25. Bf1 Rg6 26. Bg2 h4 27. gxh4
gxh4 28. f4 h3 29. Bf3 Nxf3 30. Nxf3 Bg4 31. a4 Rag8 32. Re1 Bd7 33. Nh4 Rf6
34. Rf3 Bg4 35. Rf2 Bd7 36. Rf3 Bg4 37. Rff1 Bd7 38. Re3 Kh5 39. Rg3 Rg4 40.
Nf5 Bxf5 41. Rxh3+ Kg6 42. exf5+ Rxf5 43. Rg3 Kh5 44. Rh3+ Kg6 45. Rg3  1/2-1/2

[Event "Open Letní Praha 2018 - A"]
[Site "Praha"]
[Date "2018.08.06"]
[Round "5"]
[Board "10"]
[White "Toman, Ondrej"]
[Black "Hess, Max"]
[Result "1/2-1/2"]
[WhiteElo "2231"]
[BlackElo "2331"]
[PlyCount "133"]
[EventDate "2018.08.03"]
[EventRounds "9"]
[EventCountry "CZE"]

1. d4 Nf6 2. Bf4 g6 3. e3 Bg7 4. Nf3 O-O 5. Be2 d6 6. h3 c5 7. c3 b6 8. O-O Bb7
9. Nbd2 Nbd7 10. a4 a6 11. Bh2 Ra7 12. Qb3 Qa8 13. Rfd1 cxd4 14. cxd4 Bd5 15.
Bc4 Rc8 16. Bxd5 Qxd5 17. Rdc1 Rac7 18. Qd1 Qa5 19. b3 Nd5 20. Nc4 Nc3 21. Qe1
Qd5 22. Rxc3 b5 23. axb5 axb5 24. Nxd6 Rxc3 25. Nxc8 Rxc8 26. Qb4 Bf8 27. Rb1
Rc2 28. Bg3 Nf6 29. Ne1 Rc8 30. Be5 Ne4 31. Qa5 f6 32. Bc7 Nxf2 33. Rc1 Ne4 34.
Qa6 Qxb3 35. Qxc8 Qxe3+ 36. Kh2 Qxc1 37. Nd3 Qc4 38. Nf4 Nd6 39. Qd7 Qxd4 40.
Ne6 Qe5+ 41. Kh1 Qa1+ 42. Kh2 Qa6 43. Nf4 Qc8 44. Qc6 Qe8 45. Qc5 Nf7 46. Qd5
e5 47. Ne6 b4 48. Kh1 Be7 49. Ba5 h6 50. Qb7 f5 51. Qd5 Kh7 52. Nc7 Qf8 53. Qd7
Bd6 54. Nd5 e4 55. Bb6 Be5 56. Bc5 Qg7 57. Bxb4 Ng5 58. Qe8 Bd4 59. h4 Qa7 60.
hxg5 Qa1+ 61. Kh2 Qg1+ 62. Kh3 hxg5 63. Qf7+ Bg7 64. Nf6+ Kh6 65. Ng8+ Kh5 66.
Nf6+ Kh6 67. Ng8+  1/2-1/2

[Event "Open Letní Praha 2018 - A"]
[Site "Praha"]
[Date "2018.08.06"]
[Round "5"]
[Board "11"]
[White "Kulhanek, Tomas"]
[Black "Yakimenko, Alexander A."]
[Result "1/2-1/2"]
[WhiteElo "2314"]
[BlackElo "2069"]
[PlyCount "143"]
[EventDate "2018.08.03"]
[EventRounds "9"]
[EventCountry "CZE"]

1. e4 e6 2. Qe2 Nf6 3. Nf3 d5 4. exd5 Nxd5 5. d4 Be7 6. c4 Nf6 7. Nc3 b6 8. Be3
Bb7 9. O-O-O Nbd7 10. Ne5 Ne4 11. Nxe4 Bxe4 12. Qg4 Bg6 13. Nxg6 hxg6 14. g3 c6
15. Bg2 Rc8 16. Kb1 Nf6 17. Qe2 Qd7 18. h4 b5 19. d5 cxd5 20. cxd5 Nxd5 21. Bg5
Rc5 22. Be3 Rc8 23. Bd4 Kf8 24. h5 Bf6 25. Bxf6 gxf6 26. h6 Kg8 27. Bxd5 exd5
28. Qf3 Qe6 29. Qxd5 Qxd5 30. Rxd5 Kh7 31. Rd7 Rhf8 32. Rxa7 Rc5 33. Rb7 Rf5
34. Rh2 Rc5 35. a3 g5 36. Ka2 Kg6 37. h7 Rh8 38. Kb3 Rf5 39. Kb4 Rxh7 40. Rxh7
Kxh7 41. f4 gxf4 42. gxf4 Kg6 43. Rd7 Rxf4+ 44. Kxb5 Rf3 45. Ka4 f5 46. b4 Re3
47. b5 f4 48. b6 Re1 49. Rd2 Rb1 50. Ka5 f3 51. a4 Kg5 52. Ka6 Kf4 53. b7 Ke3
54. Rd5 Ke4 55. Rd2 Ke3 56. Rd5 Ke4 57. Rd2 Ke3 58. Rd6 f5 59. Re6+ Kd4 60. Re1
Rb4 61. a5 f2 62. Rh1 Ke3 63. Ka7 Ke2 64. a6 f1=Q 65. Rxf1 Kxf1 66. Kb8 f4 67.
a7 f3 68. a8=Q Rxb7+ 69. Qxb7 f2 70. Qf3 Kg1 71. Qg3+ Kh1 72. Qxf2  1/2-1/2

[Event "Open Letní Praha 2018 - A"]
[Site "Praha"]
[Date "2018.08.06"]
[Round "5"]
[Board "12"]
[White "Zlatin, Alexander"]
[Black "Yandarbiev, Ruslan"]
[Result "1-0"]
[WhiteElo "2193"]
[BlackElo "2314"]
[PlyCount "79"]
[EventDate "2018.08.03"]
[EventRounds "9"]
[EventCountry "CZE"]

1. e4 e5 2. Nf3 Nc6 3. Bc4 Bc5 4. c3 Nf6 5. d3 O-O 6. Nbd2 d5 7. exd5 Nxd5 8.
Ne4 Bb6 9. O-O Bg4 10. h3 Bh5 11. Re1 Re8 12. b4 a6 13. Qb3 Bxf3 14. Bxd5 Bh5
15. Be3 Qd7 16. Bxb6 cxb6 17. Ng3 Bg6 18. Be4 Rad8 19. Rad1 Qe6 20. Bxg6 Qxg6
21. d4 exd4 22. Rxe8+ Rxe8 23. cxd4 b5 24. d5 Ne5 25. d6 Qe6 26. Qe3 Nc4 27.
Qc5 Qd7 28. Kh2 g6 29. Qd4 f5 30. Rd3 Rd8 31. Qf6 Rf8 32. Nh5 Rf7 33. Qg5 Kh8
34. Nf6 Qd8 35. d7 Ne5 36. Re3 Rxf6 37. Rxe5 Kg7 38. Re6 Rf8 39. Re7+ Kg8 40.
Qe3  1-0

[Event "Open Letní Praha 2018 - A"]
[Site "Praha"]
[Date "2018.08.06"]
[Round "5"]
[Board "13"]
[White "Jurcik, Marian"]
[Black "Engesser, Jonas"]
[Result "1-0"]
[WhiteElo "2455"]
[BlackElo "2007"]
[PlyCount "87"]
[EventDate "2018.08.03"]
[EventRounds "9"]
[EventCountry "CZE"]

1. e4 c5 2. Nf3 d6 3. d4 cxd4 4. Qxd4 Nc6 5. Bb5 Bd7 6. Qd3 Nf6 7. c4 g6 8. Nc3
Bg7 9. O-O O-O 10. h3 Rc8 11. Be3 a6 12. Bxc6 Bxc6 13. Nd4 e6 14. Rfd1 Qe7 15.
Rac1 Rfd8 16. Nxc6 Rxc6 17. Bg5 h6 18. Bh4 g5 19. Bg3 Nh5 20. Bh2 Nf4 21. Bxf4
gxf4 22. b3 Kh8 23. Ne2 Be5 24. Nd4 Rcc8 25. Nf3 Bg7 26. Qd2 Qf6 27. Qb4 Qg6
28. Qxb7 Bb2 29. Rc2 Rg8 30. Ne1 Be5 31. f3 Qh5 32. Kf1 a5 33. Qa7 Ra8 34. Qf2
f5 35. Qe2 Qg5 36. c5 fxe4 37. fxe4 Rgc8 38. cxd6 Rxc2 39. Qxc2 Qd8 40. Nf3 Bg7
41. Qc7 e5 42. Qxd8+ Rxd8 43. Nh4 Rd7 44. Nf5  1-0

[Event "Open Letní Praha 2018 - A"]
[Site "Praha"]
[Date "2018.08.06"]
[Round "5"]
[Board "14"]
[White "Jedlicka, Ales"]
[Black "Dave, Dhyani"]
[Result "1/2-1/2"]
[WhiteElo "2253"]
[BlackElo "2114"]
[PlyCount "91"]
[EventDate "2018.08.03"]
[EventRounds "9"]
[EventCountry "CZE"]

1. d4 d5 2. c4 e6 3. Nc3 Nf6 4. cxd5 exd5 5. Bg5 Be7 6. e3 c6 7. Qc2 Nbd7 8.
Bd3 O-O 9. Nf3 Re8 10. O-O Nf8 11. h3 Ne4 12. Bf4 Nxc3 13. bxc3 Bd6 14. Bxd6
Qxd6 15. c4 dxc4 16. Qxc4 Qf6 17. Nd2 Be6 18. Qc2 Rac8 19. Ne4 Qe7 20. Nc5 Rc7
21. a4 b6 22. Nxe6 Qxe6 23. a5 g6 24. axb6 axb6 25. Ra6 Nd7 26. Rc1 Rec8 27.
Bc4 Qe7 28. Qa2 b5 29. Be2 Nf6 30. Ra8 Qe8 31. Rxc8 Qxc8 32. Qa5 Ne8 33. Qb6
Nd6 34. d5 Nc4 35. Bxc4 cxd5 36. Qxb5 dxc4 37. Rc3 Rc6 38. Qd5 Qc7 39. g3 Qc8
40. e4 Qc7 41. Kg2 Qc8 42. h4 h5 43. e5 Rc5 44. Qe4 Qe6 45. Qd4 Qxe5 46. Qxe5
 1/2-1/2

[Event "Open Letní Praha 2018 - A"]
[Site "Praha"]
[Date "2018.08.06"]
[Round "5"]
[Board "15"]
[White "Chudinovskikh, Alexander M"]
[Black "Kaderabek, Jiri"]
[Result "1/2-1/2"]
[WhiteElo "2211"]
[BlackElo "2104"]
[PlyCount "75"]
[EventDate "2018.08.03"]
[EventRounds "9"]
[EventCountry "CZE"]

1. e4 d6 2. d4 Nf6 3. Nc3 g6 4. Nf3 Bg7 5. h3 O-O 6. Be3 c6 7. a4 a5 8. Be2 Na6
9. O-O Qc7 10. Qd2 Nb4 11. Rad1 b6 12. Rfe1 Bb7 13. Qc1 Rad8 14. Nd2 Ba6 15.
Bxa6 Nxa6 16. d5 cxd5 17. Nxd5 Nxd5 18. exd5 Nb4 19. Nf3 Qxc2 20. Bxb6 Qxc1 21.
Rxc1 Rb8 22. Bc7 Nd3 23. Bxb8 Rxb8 24. Rc7 Nxe1 25. Nxe1 Bf6 26. Ra7 Rxb2 27.
Nf3 Kg7 28. Rxa5 Ra2 29. g4 h6 30. Ra7 Ra3 31. Kg2 Rd3 32. Ra5 Ra3 33. h4 g5
34. hxg5 hxg5 35. Ra8 Rd3 36. Ra5 Ra3 37. Ra8 Rd3 38. Ra5  1/2-1/2

[Event "Open Letní Praha 2018 - A"]
[Site "Praha"]
[Date "2018.08.06"]
[Round "5"]
[Board "16"]
[White "Krupicka, Josef"]
[Black "Sprenar, Petr"]
[Result "1/2-1/2"]
[WhiteElo "2059"]
[BlackElo "2210"]
[PlyCount "49"]
[EventDate "2018.08.03"]
[EventRounds "9"]
[EventCountry "CZE"]

1. d4 e6 2. Nf3 d5 3. Bf4 c5 4. e3 Nc6 5. Be2 Nf6 6. h3 Bd6 7. Bxd6 Qxd6 8. O-O
O-O 9. Nbd2 e5 10. dxe5 Nxe5 11. c4 dxc4 12. Nxc4 Nxc4 13. Bxc4 Qe7 14. Qc2 b6
15. Rad1 Bb7 16. Qf5 Be4 17. Qf4 Rad8 18. Ne5 Rde8 19. Ng4 Nxg4 20. Qxg4 Rd8
21. Qf4 Bc6 22. h4 Rd7 23. Bb3 Rfd8 24. Rxd7 Rxd7 25. Rd1  1/2-1/2

[Event "Open Letní Praha 2018 - A"]
[Site "Praha"]
[Date "2018.08.06"]
[Round "5"]
[Board "17"]
[White "Kizatbay, Abyl"]
[Black "Seregina, Maria"]
[Result "1-0"]
[WhiteElo "2205"]
[BlackElo "1882"]
[PlyCount "119"]
[EventDate "2018.08.03"]
[EventRounds "9"]
[EventCountry "CZE"]

1. e4 Nc6 2. d4 d5 3. e5 Bf5 4. Ne2 f6 5. Ng3 Bg6 6. f4 fxe5 7. fxe5 e6 8. Bd3
Nge7 9. Bg5 Qd7 10. O-O Bxd3 11. Qxd3 h6 12. Bh4 O-O-O 13. Nh5 Qe8 14. g4 g5
15. Bg3 Qg6 16. Qxg6 Nxg6 17. c3 Be7 18. Nd2 Rdf8 19. Rf3 Rxf3 20. Nxf3 Rf8 21.
Kf2 Na5 22. Ke2 Nc4 23. b3 Na5 24. Rc1 b5 25. Ne1 Kd7 26. Nd3 Rf7 27. Be1 c5
28. dxc5 Kc6 29. Bf2 Nf4+ 30. Nhxf4 gxf4 31. Kf3 Kd7 32. Bd4 Nc6 33. a4 bxa4
34. b4 a6 35. Ra1 Kc7 36. Rxa4 Kb7 37. Nc1 Bd8 38. Nb3 Bc7 39. Ra2 Bxe5 40. Re2
Bxd4 41. Nxd4 e5 42. Nf5 Rf6 43. Rd2 Ne7 44. Nxe7 e4+ 45. Ke2 e3 46. Nxd5 Rf7
47. Nxe3 fxe3 48. Kxe3 Re7+ 49. Kf4 Rf7+ 50. Ke5 Rf3 51. h4 Rxc3 52. g5 hxg5
53. hxg5 Rg3 54. Kf6 Rg4 55. g6 Rg1 56. g7 Rf1+ 57. Ke7 Rg1 58. Kf8 Rf1+ 59.
Kg8 Kc7 60. Rh2  1-0

[Event "Open Letní Praha 2018 - A"]
[Site "Praha"]
[Date "2018.08.06"]
[Round "5"]
[Board "18"]
[White "Nguyen, Thai Dai Vinh"]
[Black "Ajay Krishna, S"]
[Result "0-1"]
[WhiteElo "1848"]
[BlackElo "2200"]
[PlyCount "50"]
[EventDate "2018.08.03"]
[EventRounds "9"]
[EventCountry "CZE"]

1. e4 c5 2. Nf3 d6 3. d4 cxd4 4. Nxd4 Nf6 5. Nc3 a6 6. Be3 e5 7. Nb3 Be7 8. f3
Be6 9. Qd2 b5 10. O-O-O Nbd7 11. g4 Qc7 12. g5 Nh5 13. Kb1 O-O 14. Ne2 a5 15.
Ng3 a4 16. Nc1 Nf4 17. h4 Rfb8 18. Bxf4 exf4 19. Nf5 Bf8 20. Nd3 b4 21. Nxf4
Bxa2+ 22. Kxa2 b3+ 23. Kb1 a3 24. cxb3 Rxb3 25. Rc1 axb2  0-1

[Event "Open Letní Praha 2018 - A"]
[Site "Praha"]
[Date "2018.08.06"]
[Round "5"]
[Board "19"]
[White "Gokhale, Rishabh Chandrashekhar"]
[Black "Chmel, Kristian"]
[Result "1/2-1/2"]
[WhiteElo "1867"]
[BlackElo "2166"]
[PlyCount "45"]
[EventDate "2018.08.03"]
[EventRounds "9"]
[EventCountry "CZE"]

1. d4 Nf6 2. Nf3 g6 3. Bf4 Bg7 4. e3 O-O 5. h3 d6 6. Be2 Nbd7 7. O-O Qe8 8. Bh2
e5 9. c4 Ne4 10. Qc2 f5 11. Nc3 Nxc3 12. Qxc3 b6 13. Rfe1 Qe7 14. Rad1 g5 15.
Nd2 Bb7 16. b4 c5 17. bxc5 bxc5 18. d5 e4 19. Qa5 Ne5 20. Rb1 h5 21. Rb3 g4 22.
hxg4 hxg4 23. Bf4  1/2-1/2

[Event "Open Letní Praha 2018 - A"]
[Site "Praha"]
[Date "2018.08.06"]
[Round "5"]
[Board "20"]
[White "Vanek, Ladislav"]
[Black "Zhukenov, Aituar"]
[Result "1/2-1/2"]
[WhiteElo "2271"]
[BlackElo "2025"]
[PlyCount "172"]
[EventDate "2018.08.03"]
[EventRounds "9"]
[EventCountry "CZE"]

1. d4 Nf6 2. Bf4 c5 3. e3 d5 4. c3 Nc6 5. Nf3 Qb6 6. Qb3 c4 7. Qc2 Bf5 8. Qc1
e6 9. h3 h6 10. Nbd2 Qd8 11. Be2 Be7 12. O-O O-O 13. b3 b5 14. a4 a6 15. Qb2
Qd7 16. axb5 axb5 17. bxc4 bxc4 18. Qb5 Bd6 19. Bxd6 Qxd6 20. Qb6 Rab8 21. Qa6
Qc7 22. Qa3 Rb5 23. Ra2 Ra5 24. Qb2 Rb8 25. Qa1 Rba8 26. Rxa5 Qxa5 27. Qxa5
Rxa5 28. Ne5 Nxe5 29. dxe5 Ra2 30. Rd1 Nd7 31. e4 Bg6 32. f4 Nc5 33. f5 Rxd2
34. Rxd2 Nxe4 35. Rd4 Bxf5 36. Bxc4 dxc4 37. Rxc4 f6 38. exf6 Nxf6 39. Rc7 Nd5
40. Rc8+ Kf7 41. c4 Ne7 42. Rc7 Be4 43. h4 h5 44. Kf2 Kf6 45. g3 Nf5 46. Rd7
Ke5 47. Rd8 Bc6 48. c5 Bd5 49. Rc8 g6 50. Rd8 Be4 51. Rd7 Bd5 52. Rd8 Ne7 53.
Ke3 Kf5 54. Rd7 Nc6 55. Rf7+ Ke5 56. Rg7 Kf6 57. Rd7 Ne5 58. Rd8 Kf5 59. Rc8
Kg4 60. Kf2 Kh3 61. Rg8 Ng4+ 62. Kg1 Kxg3 63. Rxg6 Kxh4 64. c6 Ne5 65. c7 Bb7
66. Rxe6 Nd7 67. Re8 Nf6 68. Rb8 Ba6 69. Rb6 Nd5 70. Rxa6 Nxc7 71. Rg6 Nd5 72.
Kf2 Nf4 73. Rg8 Nh3+ 74. Kf3 Ng5+ 75. Kf4 Nh3+ 76. Kf5 Nf2 77. Rg2 Ng4 78. Kf4
Kh3 79. Rg3+ Kh2 80. Ra3 Kg2 81. Kg5 Kf2 82. Kxh5 Ne3 83. Kg5 Kf3 84. Ra4 Nd5
85. Rd4 Ne3 86. Rd3 Ke4  1/2-1/2

[Event "Open Letní Praha 2018 - A"]
[Site "Praha"]
[Date "2018.08.06"]
[Round "5"]
[Board "21"]
[White "Svanda, Ondrej"]
[Black "Babicka, Michal"]
[Result "1-0"]
[WhiteElo "2241"]
[BlackElo "2009"]
[PlyCount "71"]
[EventDate "2018.08.03"]
[EventRounds "9"]
[EventCountry "CZE"]

1. c4 g6 2. Nc3 Bg7 3. g3 d6 4. Bg2 e5 5. d3 Ne7 6. e4 O-O 7. Nge2 c6 8. Qb3
Na6 9. O-O Nc5 10. Qc2 a5 11. Be3 Ne6 12. Qd2 f5 13. f4 Nd4 14. Rae1 Be6 15. b3
Rf7 16. Na4 fxe4 17. dxe4 b5 18. cxb5 cxb5 19. Nac3 b4 20. Bxd4 exd4 21. Na4
Rc8 22. Nxd4 Bd7 23. Kh1 Bxa4 24. bxa4 Qb6 25. Nb5 Bc3 26. Qe3 Qc5 27. Qxc5
Rxc5 28. Rd1 d5 29. exd5 Nf5 30. d6 Rd7 31. Rd5 Rc8 32. Rd3 Rcd8 33. Bd5+ Kg7
34. Be6 Rxd6 35. Nxd6 Rxd6 36. Bxf5  1-0

[Event "Open Letní Praha 2018 - A"]
[Site "Praha"]
[Date "2018.08.06"]
[Round "5"]
[Board "22"]
[White "Kornitzky, Tino"]
[Black "Soural, Jan"]
[Result "1-0"]
[WhiteElo "2036"]
[BlackElo "2213"]
[PlyCount "57"]
[EventDate "2018.08.03"]
[EventRounds "9"]
[EventCountry "CZE"]

1. d4 Nf6 2. c4 c5 3. d5 b5 4. cxb5 a6 5. bxa6 g6 6. Nc3 Bxa6 7. e4 Bxf1 8.
Kxf1 d6 9. Nf3 Bg7 10. g3 O-O 11. Kg2 Nbd7 12. a4 Ra6 13. Qc2 Qa8 14. Ra3 Rb8
15. Nb5 Ne8 16. Bd2 Nb6 17. Rha1 Qb7 18. Bc3 Bxc3 19. bxc3 Rxa4 20. Rxa4 Nxa4
21. c4 Nb6 22. Ra7 Qc8 23. Rxe7 Rb7 24. Rxe8+ Qxe8 25. Nxd6 Qd7 26. Nxb7 Qxb7
27. e5 Qa6 28. Nd2 Qa1 29. Qe4  1-0

[Event "Open Letní Praha 2018 - A"]
[Site "Praha"]
[Date "2018.08.06"]
[Round "5"]
[Board "24"]
[White "Plesek, Jiri"]
[Black "Pribyl, Viktor"]
[Result "1-0"]
[WhiteElo "2165"]
[BlackElo "1983"]
[PlyCount "67"]
[EventDate "2018.08.03"]
[EventRounds "9"]
[EventCountry "CZE"]

1. Nf3 d6 2. d4 Bg4 3. e4 Nd7 4. Nbd2 Ngf6 5. Bd3 e5 6. c3 Be7 7. h3 Bh5 8. Nf1
O-O 9. g4 Bg6 10. Ng3 c5 11. d5 c4 12. Bc2 Nc5 13. Qe2 Rc8 14. O-O Qd7 15. b4
Na4 16. Bd2 Nb6 17. a4 Nbxd5 18. Nf5 Bxf5 19. gxf5 Nb6 20. a5 Na8 21. Be3 b5
22. Kh1 Rfe8 23. Rg1 g6 24. Rad1 Qc7 25. Nh4 Kh8 26. f4 exf4 27. Bd4 Kg8 28.
Qf3 d5 29. exd5 Qd7 30. fxg6 fxg6 31. Bxg6 Kh8 32. Bf5 Qd6 33. Ng6+ hxg6 34.
Rxg6  1-0

[Event "Open Letní Praha 2018 - A"]
[Site "Praha"]
[Date "2018.08.06"]
[Round "5"]
[Board "25"]
[White "Ochirbat, Lkhagvajamts"]
[Black "Novacek, Josef"]
[Result "1/2-1/2"]
[WhiteElo "2007"]
[BlackElo "2159"]
[PlyCount "43"]
[EventDate "2018.08.03"]
[EventRounds "9"]
[EventCountry "CZE"]

1. Nf3 Nf6 2. c4 e6 3. g3 d5 4. Bg2 dxc4 5. Qa4+ Nbd7 6. Qxc4 c5 7. O-O b6 8.
Nd4 Ne5 9. Nc6 Nxc4 10. Nxd8 Nd5 11. Nc6 Bb7 12. d3 Bxc6 13. dxc4 Nb4 14. Bxc6+
Nxc6 15. b3 Nd4 16. Nc3 O-O-O 17. Bf4 Bd6 18. Bxd6 Rxd6 19. e3 Nc6 20. Rad1
Rhd8 21. Rxd6 Rxd6 22. Rd1  1/2-1/2

[Event "Open Letní Praha 2018 - A"]
[Site "Praha"]
[Date "2018.08.06"]
[Round "5"]
[Board "26"]
[White "Krivanek, Vladimir"]
[Black "Zemlicka, Vit"]
[Result "1/2-1/2"]
[WhiteElo "2147"]
[BlackElo "1975"]
[PlyCount "89"]
[EventDate "2018.08.03"]
[EventRounds "9"]
[EventCountry "CZE"]

1. Nf3 Nf6 2. c4 g6 3. Nc3 Bg7 4. g3 O-O 5. Bg2 d6 6. d4 c6 7. O-O Qa5 8. h3
Nbd7 9. a3 e5 10. b4 Qc7 11. e4 Re8 12. d5 cxd5 13. Nb5 Qb8 14. exd5 a6 15. Nc3
Qc7 16. Be3 e4 17. Nd2 Ng4 18. hxg4 Bxc3 19. Nxe4 Rxe4 20. Bxe4 Bxa1 21. Qxa1
Qxc4 22. Bd4 Ne5 23. f3 f6 24. Rc1 Qe2 25. Bxe5 Qe3+ 26. Kg2 fxe5 27. Qc3 Qe2+
28. Kh3 Bd7 29. Re1 Qf2 30. Qe3 Qxe3 31. Rxe3 Rc8 32. Kh4 Rc1 33. f4 exf4 34.
gxf4 Kf7 35. Kg5 Rc4 36. f5 gxf5 37. Bxf5 Bxf5 38. gxf5 Rc1 39. Rh3 Rg1+ 40.
Kf4 Rf1+ 41. Ke4 Re1+ 42. Kd3 Kg7 43. Kd4 Rd1+ 44. Ke4 Re1+ 45. Kd4  1/2-1/2

[Event "Open Letní Praha 2018 - A"]
[Site "Praha"]
[Date "2018.08.06"]
[Round "5"]
[Board "27"]
[White "Pipia, Ekaterine"]
[Black "Sommerhalder, Eric"]
[Result "1/2-1/2"]
[WhiteElo "1979"]
[BlackElo "2145"]
[PlyCount "64"]
[EventDate "2018.08.03"]
[EventRounds "9"]
[EventCountry "CZE"]

1. d4 Nf6 2. c4 g6 3. Nc3 d5 4. Bg5 Bg7 5. Bxf6 Bxf6 6. cxd5 O-O 7. e3 e6 8.
dxe6 Bxe6 9. Nf3 c5 10. Be2 Qa5 11. O-O Bg7 12. Qa4 Qxa4 13. Nxa4 cxd4 14. Nxd4
Bxd4 15. exd4 Nc6 16. Bf3 Nxd4 17. Bxb7 Rab8 18. Ba6 Nc2 19. Rac1 Nb4 20. Be2
Bxa2 21. Rc7 Rfe8 22. Bf3 a6 23. h3 Nd3 24. Ra1 Be6 25. Nc5 Nxc5 26. Rxc5 Rxb2
27. Rxa6 Rd8 28. Ra8 Rxa8 29. Bxa8 Kg7 30. Bd5 Rb1+ 31. Kh2 Re1 32. Bxe6 Rxe6
 1/2-1/2

[Event "Open Letní Praha 2018 - A"]
[Site "Praha"]
[Date "2018.08.06"]
[Round "5"]
[Board "28"]
[White "Slacky, Stanislav"]
[Black "Psaila, Clarence"]
[Result "1/2-1/2"]
[WhiteElo "2138"]
[BlackElo "1964"]
[PlyCount "58"]
[EventDate "2018.08.03"]
[EventRounds "9"]
[EventCountry "CZE"]

1. d4 d5 2. c4 dxc4 3. Nf3 Nf6 4. g3 Nc6 5. Bg2 e5 6. Qa4 Bd7 7. Qxc4 Bd6 8.
O-O O-O 9. d5 Ne7 10. Nc3 c6 11. e4 b5 12. Qe2 b4 13. dxc6 Bxc6 14. Nd5 Nexd5
15. exd5 Bxd5 16. Rd1 Qe7 17. Bg5 Bxf3 18. Qxf3 Rad8 19. Rd2 Bc5 20. Rad1 Rxd2
21. Rxd2 Bd4 22. Bxf6 Qxf6 23. Qxf6 gxf6 24. Bh3 Rd8 25. Kf1 Rd6 26. b3 Rc6 27.
Bf5 h6 28. Ke2 Rc3 29. Rc2 Rxc2+  1/2-1/2

[Event "Open Letní Praha 2018 - A"]
[Site "Praha"]
[Date "2018.08.06"]
[Round "5"]
[Board "29"]
[White "Karthick, Narayanan S"]
[Black "Ladron De Guevara Galar, Fco J"]
[Result "1-0"]
[WhiteElo "1979"]
[BlackElo "2128"]
[PlyCount "101"]
[EventDate "2018.08.03"]
[EventRounds "9"]
[EventCountry "CZE"]

1. e4 e5 2. Nf3 Nc6 3. Bc4 Nf6 4. Nc3 Nxe4 5. O-O Nf6 6. Nxe5 Nxe5 7. Re1 Be7
8. Rxe5 c6 9. d4 d5 10. Bf1 O-O 11. h3 Bd6 12. Re1 Bf5 13. Bd3 Qd7 14. Bg5 Rfe8
15. Qf3 Ne4 16. Nxe4 Bxe4 17. Bxe4 dxe4 18. Rxe4 Rxe4 19. Qxe4 Re8 20. Qd3 Qe6
21. Bd2 Bc7 22. Kf1 Qd6 23. Re1 Rd8 24. c3 h6 25. Be3 Re8 26. Bd2 Rd8 27. Be3
a6 28. Qe4 Qf6 29. Kg1 Rd5 30. g3 Rh5 31. Kg2 g6 32. b4 Kh7 33. c4 b5 34. cxb5
axb5 35. Rc1 Rd5 36. Qe8 Rd6 37. d5 Rxd5 38. Qxc6 Qxc6 39. Rxc6 Bd6 40. Bc5 Be5
41. Rb6 Rd2 42. Rxb5 Rc2 43. Be3 Bc3 44. Rb7 Kg7 45. b5 g5 46. b6 Rb2 47. Kf3
Kf6 48. Rc7 Be5 49. Rc6+ Kg7 50. Ke4 Bb8 51. Bd4+  1-0

[Event "Open Letní Praha 2018 - A"]
[Site "Praha"]
[Date "2018.08.06"]
[Round "5"]
[Board "30"]
[White "Arnal Iturgaitz, Aitor"]
[Black "Lacina, Filip"]
[Result "1/2-1/2"]
[WhiteElo "2122"]
[BlackElo "1936"]
[PlyCount "75"]
[EventDate "2018.08.03"]
[EventRounds "9"]
[EventCountry "CZE"]

1. d4 d5 2. Nf3 e6 3. c4 c5 4. cxd5 exd5 5. g3 Nc6 6. Bg2 Nf6 7. O-O Be7 8. Nc3
O-O 9. dxc5 Bxc5 10. Na4 Be7 11. Be3 b6 12. Rc1 Bd7 13. Nc3 Be6 14. Qa4 Qd7 15.
Rfd1 Rad8 16. Nd4 Ne5 17. Qxd7 Rxd7 18. b3 Rfd8 19. h3 Ne4 20. f4 Ba3 21. Rc2
Nxc3 22. Rxc3 Bb2 23. Rc2 Bxd4 24. Bxd4 Ng6 25. Rdc1 f6 26. Rc7 Bf5 27. e3 Be4
28. Bf1 Nf8 29. Rxd7 Rxd7 30. Bb5 Rd8 31. Bb2 Ne6 32. g4 Nc5 33. Rd1 a6 34. Be2
a5 35. Bd4 Kf7 36. Rc1 Rc8 37. a3 Rb8 38. Rc3  1/2-1/2

[Event "Open Letní Praha 2018 - A"]
[Site "Praha"]
[Date "2018.08.07"]
[Round "6"]
[Board "1"]
[White "Pulpan, Jakub"]
[Black "Turner, Matthew"]
[Result "1/2-1/2"]
[WhiteElo "2400"]
[BlackElo "2533"]
[PlyCount "81"]
[EventDate "2018.08.03"]
[EventRounds "9"]
[EventCountry "CZE"]

1. e4 e5 2. Nf3 Nc6 3. Bb5 a6 4. Ba4 Nf6 5. O-O Be7 6. d3 b5 7. Bb3 d6 8. a3
O-O 9. Nc3 Be6 10. Nd5 Nd4 11. Nxf6+ Bxf6 12. Nxd4 exd4 13. Bxe6 fxe6 14. f4 c5
15. Qg4 Qd7 16. Bd2 c4 17. Rae1 cxd3 18. cxd3 Rac8 19. Bb4 Rfe8 20. Bxd6 Qxd6
21. e5 Bxe5 22. Rxe5 Rc2 23. Re2 Rxe2 24. Qxe2 Rf8 25. Qe4 g6 26. Re1 Kg7 27.
g3 Rc8 28. Qxe6 Qxe6 29. Rxe6 Rc2 30. Rxa6 Rxb2 31. Rd6 Rb3 32. Rxd4 Rxa3 33.
Rd7+ Kf6 34. Rd5 b4 35. Rb5 Rxd3 36. Rxb4 Rd1+ 37. Kg2 Rd2+ 38. Kh3 h5 39. Rb6+
Kf5 40. Rb5+ Kf6 41. Rb6+  1/2-1/2